000 00645cam a2200217 4500500
005 20260329005532.0
041 _afre
042 _adc
100 1 0 _aLacroix, Samuel
_eauthor
245 0 0 _aLa voie du rail, en immersion avec Guillaume Merlin, conducteur de train
260 _c2024.
500 _a99
690 _aMachine
690 _aReportage
690 _aTemps
690 _aTrain
690 _aTransport
690 _aTravail
786 0 _nPhilosophie magazine | 177 | 3 | 2024-03-01 | p. 22-24 | 1951-1787
856 4 1 _uhttps://shs.cairn.info/magazine-philosophie-magazine-2024-3-page-22?lang=fr&redirect-ssocas=7080
999 _c1844343
_d1844343